[Event "18. Open de Sants Hostafrancs 2016 - C"]
[Site "Barcelona ESP"]
[Date "2016.08.23"]
[Round "5.8"]
[White "Reverdy, Micah Fabrice"]
[Black "Delgado Camara, Lluis Felix"]
[Result "1-0"]
[WhiteElo "1718"]
[BlackElo "1792"]
[PlyCount "81"]
[EventDate "2016.08.19"]
[EventType "swiss"]
[EventRounds "10"]
[EventCountry "ESP"]
[SourceTitle "Ajedrez en Madrid"]
[Source "lmi"]
[SourceDate "2016.08.19"]

1. d4 e6 2. c4 f5 3. g3 c6 4. Bg2 d5 5. Nf3 Nf6 6. O-O Bd6 7. b3 Qe7 8. Bb2 O-O
9. Nbd2 Nbd7 10. Ne5 Kh8 11. Ndf3 Ne4 12. e3 Ndf6 13. Nd3 Bd7 14. Nfe5 Be8 15.
Qc2 Bh5 16. a3 Rac8 17. Rfc1 Nd7 18. Nf4 Bf7 19. Qe2 Nef6 20. b4 g5 21. Nfd3
Bh5 22. Qe1 Ne4 23. f3 Nef6 24. Rc2 Bb8 25. Rac1 Nxe5 26. dxe5 Nd7 27. cxd5
exd5 28. f4 Qe6 29. b5 Kg8 30. Nb4 a5 31. Nxd5 c5 32. Rd2 c4 33. Qf1 Ba7 34.
Rxc4 Kg7 35. Bd4 Nb6 36. Nxb6 Bxb6 37. Rxc8 Rxc8 38. Bxb7 Rd8 39. Qc1 Be8 40.
Bc6 Bc7 41. Bxe8 1-0

[Event "18. Open de Sants Hostafrancs 2016 - C"]
[Site "Barcelona ESP"]
[Date "2016.08.23"]
[Round "5.9"]
[White "Werkhoven, Gerard"]
[Black "Mendez Garcia, Juan Ignacio"]
[Result "1-0"]
[WhiteElo "1714"]
[BlackElo "1783"]
[PlyCount "81"]
[EventDate "2016.08.19"]
[EventType "swiss"]
[EventRounds "10"]
[EventCountry "ESP"]
[SourceTitle "Ajedrez en Madrid"]
[Source "lmi"]
[SourceDate "2016.08.19"]

1. d4 d5 2. c4 e6 3. Nc3 Nf6 4. cxd5 exd5 5. Bg5 Nbd7 6. e3 c6 7. Bd3 Qa5 8.
Qc2 Be7 9. Nf3 h6 10. Bh4 O-O 11. O-O Re8 12. h3 b6 13. a3 c5 14. dxc5 bxc5 15.
Rfd1 Bb7 16. Bb5 d4 17. Bxf6 Bxf3 18. gxf3 Nxf6 19. Bxe8 dxc3 20. Bc6 Rc8 21.
Bd5 cxb2 22. Qxb2 Nxd5 23. Qb7 Qc7 24. Qxd5 Bf6 25. Rab1 Rd8 26. Qc4 Rxd1+ 27.
Rxd1 Qa5 28. a4 Qb4 29. Qe4 Qxe4 30. fxe4 Bc3 31. Rd8+ Kh7 32. Rd7 a5 33. Rxf7
Kg6 34. Rf4 Bb4 35. Kf1 c4 36. Ke2 Kh7 37. e5 Kg6 38. e4 Bc3 39. e6 Bb4 40. Rf7
h5 41. f4 1-0

[Event "18. Open de Sants Hostafrancs 2016 - C"]
[Site "Barcelona ESP"]
[Date "2016.08.23"]
[Round "5.10"]
[White "Fernandez Pintado, Xavier"]
[Black "Castellon Baeza, Jose Felipe"]
[Result "1-0"]
[WhiteElo "1684"]
[BlackElo "1782"]
[PlyCount "61"]
[EventDate "2016.08.19"]
[EventType "swiss"]
[EventRounds "10"]
[EventCountry "ESP"]
[SourceTitle "Ajedrez en Madrid"]
[Source "lmi"]
[SourceDate "2016.08.19"]

1. d4 Nf6 2. Nf3 e6 3. c4 d5 4. Nc3 Be7 5. e3 O-O 6. b3 b6 7. Bd3 Bb7 8. O-O c5
9. Bb2 Nc6 10. a3 Re8 11. Ne2 Qc7 12. Rc1 dxc4 13. Bxc4 Rad8 14. Ng3 Qb8 15.
Qc2 Rc8 16. Qb1 Red8 17. Rfd1 cxd4 18. exd4 Nd5 19. Bd3 h6 20. Nh5 Bd6 21. Ne5
Nxe5 22. dxe5 Bxe5 23. f4 Nxf4 24. Bh7+ Kf8 25. Nxf4 Bxf4 26. Rxc8 Be3+ 27. Kh1
Qxc8 28. Rf1 Qc7 29. Qg6 f5 30. Qxe6 Be4 31. Qxe4 1-0

[Event "18. Open de Sants Hostafrancs 2016 - C"]
[Site "Barcelona ESP"]
[Date "2016.08.24"]
[Round "6.1"]
[White "Matons Calafi, Eva M"]
[Black "Romero Funieles, Rafael"]
[Result "1-0"]
[WhiteElo "1775"]
[BlackElo "1722"]
[PlyCount "79"]
[EventDate "2016.08.19"]
[EventType "swiss"]
[EventRounds "10"]
[EventCountry "ESP"]
[SourceTitle "Ajedrez en Madrid"]
[Source "lmi"]
[SourceDate "2016.08.19"]

1. e4 e6 2. d3 Be7 3. Nf3 d6 4. g3 e5 5. Bg2 h6 6. d4 Bg4 7. dxe5 dxe5 8. Qxd8+
Bxd8 9. Nxe5 Be6 10. O-O c6 11. Nd2 Nf6 12. Ndc4 O-O 13. f4 Bc7 14. Be3 b5 15.
Nd2 Nfd7 16. Nxd7 Bxd7 17. e5 Be6 18. Rad1 Bg4 19. Nf3 Na6 20. a3 b4 21. a4 c5
22. b3 Rad8 23. Rd2 Rxd2 24. Nxd2 Bb6 25. Nc4 Be2 26. Rf2 Bxc4 27. bxc4 Rb8 28.
Rd2 b3 29. cxb3 Bc7 30. Rb2 Ba5 31. Bc6 Nb4 32. Bb5 a6 33. Bd7 Nd3 34. Rb1 Bb4
35. Bf5 Ne1 36. Be4 Rd8 37. Bf2 Rb8 38. Bxe1 Bxe1 39. Rxe1 Rxb3 40. Rb1 1-0

[Event "18. Open de Sants Hostafrancs 2016 - C"]
[Site "Barcelona ESP"]
[Date "2016.08.24"]
[Round "6.2"]
[White "Petit Montes, Marc"]
[Black "Monteagudo Aguilera, Maximo"]
[Result "1-0"]
[WhiteElo "1770"]
[BlackElo "1759"]
[PlyCount "99"]
[EventDate "2016.08.19"]
[EventType "swiss"]
[EventRounds "10"]
[EventCountry "ESP"]
[SourceTitle "Ajedrez en Madrid"]
[Source "lmi"]
[SourceDate "2016.08.19"]

1. d4 g6 2. c4 d6 3. Nc3 Bg7 4. e4 Nc6 5. Nge2 e5 6. d5 Nb8 7. b4 Ne7 8. Bb2 f5
9. f3 O-O 10. Ng3 c6 11. Bd3 fxe4 12. Bxe4 Nf5 13. Bxf5 Bxf5 14. a3 Qh4 15. Qe2
cxd5 16. Nxd5 Nc6 17. O-O Nd4 18. Bxd4 Qxd4+ 19. Qe3 Qxe3+ 20. Nxe3 e4 21. Rad1
exf3 22. Nexf5 gxf5 23. Rxf3 Rac8 24. Nxf5 Rxc4 25. Nxg7 Kxg7 26. Rxd6 Rxf3 27.
gxf3 Rc3 28. Kf2 Rxa3 29. Rd7+ Kg6 30. Rxb7 Rb3 31. Kg3 a5 32. Rb6+ Kg5 33.
bxa5 Ra3 34. h4+ Kf5 35. Rh6 Ra1 36. Rxh7 Rg1+ 37. Kf2 Ra1 38. Ra7 Kf4 39. Rf7+
Ke5 40. Rg7 Kf4 41. Rg4+ Kf5 42. Ke3 Ra3+ 43. Ke2 Ra2+ 44. Kd3 Ra3+ 45. Kc2
Rxf3 46. Ra4 Ke5 47. a6 Rf8 48. a7 Ra8 49. Kb3 Kd5 50. h5 1-0

[Event "18. Open de Sants Hostafrancs 2016 - C"]
[Site "Barcelona ESP"]
[Date "2016.08.24"]
[Round "6.3"]
[White "Manosas Vila, Ester"]
[Black "Halegua, Dani"]
[Result "1-0"]
[WhiteElo "1729"]
[BlackElo "1578"]
[PlyCount "67"]
[EventDate "2016.08.19"]
[EventType "swiss"]
[EventRounds "10"]
[EventCountry "ESP"]
[SourceTitle "Ajedrez en Madrid"]
[Source "lmi"]
[SourceDate "2016.08.19"]

1. e4 e6 2. d4 d5 3. exd5 exd5 4. c4 Nf6 5. Nc3 Be7 6. Nf3 O-O 7. cxd5 Nxd5 8.
Bd3 Nc6 9. O-O Bg4 10. h3 Bh5 11. Bxh7+ Kxh7 12. Ng5+ Kg8 13. Qxh5 Nf6 14. Qh4
Qd7 15. Bf4 Qf5 16. Rfe1 Rfe8 17. Rad1 Bd6 18. Bxd6 cxd6 19. Nce4 Nxe4 20. Nxe4
Rad8 21. Nxd6 Rxe1+ 22. Rxe1 Qa5 23. f3 Qb4 24. Nf5 Qxb2 25. d5 Qb6+ 26. Kh1 g6
27. Nh6+ Kg7 28. dxc6 Rh8 29. c7 Qxc7 30. Qd4+ Kh7 31. Ng4 Rd8 32. Nf6+ Kh6 33.
Qe3+ Kg7 34. Ne8+ 1-0

[Event "18. Open de Sants Hostafrancs 2016 - C"]
[Site "Barcelona ESP"]
[Date "2016.08.24"]
[Round "6.5"]
[White "Muratet Carmona, Julia"]
[Black "Baroukh, Leon"]
[Result "1-0"]
[WhiteElo "1786"]
[BlackElo "1720"]
[PlyCount "67"]
[EventDate "2016.08.19"]
[EventType "swiss"]
[EventRounds "10"]
[EventCountry "ESP"]
[SourceTitle "Ajedrez en Madrid"]
[Source "lmi"]
[SourceDate "2016.08.19"]

1. e4 e5 2. Nf3 Nc6 3. d4 exd4 4. Nxd4 Qf6 5. Nf3 Bc5 6. Nc3 Bb4 7. Bd2 Ne5 8.
Nxe5 Qxe5 9. f4 Qd4 10. Qf3 c6 11. O-O-O Qb6 12. a3 Be7 13. e5 Nh6 14. f5 Ng8
15. Bc4 Qc5 16. Bb3 Qxe5 17. Rhe1 Qxh2 18. Ne4 d5 19. Ng3 Qh4 20. Rh1 Qf6 21.
Nh5 Qd6 22. Nxg7+ Kf8 23. Nh5 h6 24. Bc3 Bg5+ 25. Kb1 Nf6 26. Nxf6 Bxf6 27. Bb4
c5 28. Rxd5 Qc6 29. Bxc5+ Be7 30. Bxe7+ Kxe7 31. Re1+ Kf8 32. Rd8+ Kg7 33. f6+
Kh7 34. Qd3+ 1-0

[Event "18. Open de Sants Hostafrancs 2016 - C"]
[Site "Barcelona ESP"]
[Date "2016.08.24"]
[Round "6.6"]
[White "Reverdy, Micah Fabrice"]
[Black "Silva Pena, Angel David"]
[Result "1-0"]
[WhiteElo "1718"]
[BlackElo "1767"]
[PlyCount "63"]
[EventDate "2016.08.19"]
[EventType "swiss"]
[EventRounds "10"]
[EventCountry "ESP"]
[SourceTitle "Ajedrez en Madrid"]
[Source "lmi"]
[SourceDate "2016.08.19"]

1. d4 Nf6 2. c4 e6 3. Nf3 Bb4+ 4. Bd2 Qe7 5. Nc3 b6 6. g3 Bb7 7. Bg2 O-O 8. O-O
d6 9. Qc2 Nbd7 10. Rfe1 Bxc3 11. Bxc3 Rab8 12. e4 e5 13. b3 exd4 14. Nxd4 Ne5
15. Nf5 Qd8 16. Rad1 Re8 17. f4 Ned7 18. Ba1 Qc8 19. Qb2 Re6 20. g4 Qf8 21. g5
Ne8 22. Rd3 Nc5 23. Rde3 f6 24. b4 Nd7 25. Bh3 fxg5 26. fxg5 Re5 27. Qg2 Rxf5
28. Bxf5 Rd8 29. Qh3 Nef6 30. gxf6 Nxf6 31. Bxf6 Qxf6 32. Bxh7+ 1-0

[Event "18. Open de Sants Hostafrancs 2016 - C"]
[Site "Barcelona ESP"]
[Date "2016.08.24"]
[Round "6.7"]
[White "Vicente Bessen, Kirian"]
[Black "Fernandez Pintado, Xavier"]
[Result "1-0"]
[WhiteElo "1766"]
[BlackElo "1684"]
[PlyCount "71"]
[EventDate "2016.08.19"]
[EventType "swiss"]
[EventRounds "10"]
[EventCountry "ESP"]
[SourceTitle "Ajedrez en Madrid"]
[Source "lmi"]
[SourceDate "2016.08.19"]

1. e4 e6 2. d4 d5 3. Nc3 c5 4. dxc5 d4 5. Bb5+ Nc6 6. Nce2 Qa5+ 7. c3 Qxb5 8.
cxd4 Nf6 9. Nc3 Qa5 10. Qd3 Qd8 11. Nf3 Bd7 12. Bf4 Nb4 13. Qe2 Be7 14. a3 Na6
15. O-O O-O 16. b4 Nh5 17. Be5 f6 18. Bg3 Nxg3 19. hxg3 Nc7 20. d5 exd5 21.
exd5 Re8 22. Qc4 b5 23. cxb6 axb6 24. d6+ Ne6 25. dxe7 Qxe7 26. Nd5 Qd6 27.
Rfd1 Qc6 28. Nxb6 Qxb6 29. Rxd7 Rac8 30. Qd5 Kh8 31. Rd6 Nc7 32. Rxb6 Nxd5 33.
Rd6 Nc3 34. Nd4 h6 35. b5 Re4 36. b6 1-0

[Event "18. Open de Sants Hostafrancs 2016 - C"]
[Site "Barcelona ESP"]
[Date "2016.08.24"]
[Round "6.8"]
[White "Werkhoven, Gerard"]
[Black "Albert Estebanez, Carles"]
[Result "1-0"]
[WhiteElo "1714"]
[BlackElo "1756"]
[PlyCount "91"]
[EventDate "2016.08.19"]
[EventType "swiss"]
[EventRounds "10"]
[EventCountry "ESP"]
[SourceTitle "Ajedrez en Madrid"]
[Source "lmi"]
[SourceDate "2016.08.19"]

1. d4 Nf6 2. c4 c5 3. d5 b5 4. Qc2 bxc4 5. e4 d6 6. Bxc4 Nbd7 7. Nf3 g6 8. Bd2
Bg7 9. Bc3 O-O 10. Nbd2 a5 11. O-O Ba6 12. Rfe1 Bxc4 13. Nxc4 Ra6 14. Rad1 Qa8
15. Qd2 a4 16. e5 dxe5 17. Nfxe5 Nxe5 18. Bxe5 Rd8 19. d6 exd6 20. Bxd6 Ne4 21.
Qf4 Nxd6 22. Nxd6 Rdxd6 23. Rxd6 Qb8 24. Red1 Bf8 25. Rf6 Qxf4 26. Rxf4 Ra7 27.
Re4 Be7 28. Rd3 Bf6 29. Rd2 Bd4 30. Kf1 Rb7 31. Ree2 f5 32. Re8+ Kg7 33. Ra8 a3
34. bxa3 Rb1+ 35. Ke2 Rg1 36. Kf3 g5 37. h3 h5 38. a4 Kf6 39. Ra6+ Ke5 40. Re2+
Kd5 41. Rg6 g4+ 42. hxg4 fxg4+ 43. Kg3 Be5+ 44. f4 h4+ 45. Kxh4 Bxf4 46. Kxg4
1-0

[Event "18. Open de Sants Hostafrancs 2016 - C"]
[Site "Barcelona ESP"]
[Date "2016.08.24"]
[Round "6.9"]
[White "Ranieri, Pierpaolo"]
[Black "Garcia Punzano, Josep Lluis"]
[Result "1-0"]
[WhiteElo "1710"]
[BlackElo "1744"]
[PlyCount "61"]
[EventDate "2016.08.19"]
[EventType "swiss"]
[EventRounds "10"]
[EventCountry "ESP"]
[SourceTitle "Ajedrez en Madrid"]
[Source "lmi"]
[SourceDate "2016.08.19"]

1. d4 Nf6 2. Nf3 d6 3. Nbd2 g6 4. e4 Bg7 5. Bd3 Nbd7 6. O-O O-O 7. c3 e5 8.
dxe5 Nxe5 9. Nxe5 dxe5 10. Nf3 Bg4 11. h3 Bxf3 12. Qxf3 Qd6 13. Bg5 Qc6 14.
Rfd1 Ne8 15. Be7 Nd6 16. Bxf8 Rxf8 17. Qe3 f5 18. f3 f4 19. Qxa7 b6 20. Qa3 Ra8
21. Qb3+ Kh8 22. Qd5 Qxd5 23. exd5 Ra5 24. Be4 Nc4 25. b3 Ne3 26. d6 Nxd1 27.
dxc7 Rc5 28. Rxd1 Rxc7 29. Rd8+ Bf8 30. Rxf8+ Kg7 31. Rb8 1-0

[Event "18. Open de Sants Hostafrancs 2016 - C"]
[Site "Barcelona ESP"]
[Date "2016.08.24"]
[Round "6.10"]
[White "Aparicio Escudero, Hector F"]
[Black "Dominguez De La Haba, Emilio"]
[Result "1/2-1/2"]
[WhiteElo "1734"]
[BlackElo "1664"]
[PlyCount "99"]
[EventDate "2016.08.19"]
[EventType "swiss"]
[EventRounds "10"]
[EventCountry "ESP"]
[SourceTitle "Ajedrez en Madrid"]
[Source "lmi"]
[SourceDate "2016.08.19"]

1. e4 d5 2. exd5 Qxd5 3. Nc3 Qa5 4. Nf3 Nf6 5. Be2 Bg4 6. O-O e6 7. d4 Bd6 8.
Ne5 h5 9. Nc4 Qa6 10. Re1 Nbd7 11. f3 Bf5 12. Ne3 Qa5 13. Nxf5 Qxf5 14. Bd3 Qa5
15. Bd2 Qb6 16. Nb5 a6 17. Nxd6+ Qxd6 18. c3 O-O-O 19. Bg5 Rdg8 20. b4 Nd5 21.
c4 Nxb4 22. Be4 f6 23. c5 Nxc5 24. dxc5 Qxd1 25. Rexd1 fxg5 26. Rab1 Nd5 27.
Bxd5 exd5 28. Rxd5 g4 29. fxg4 hxg4 30. Rg5 g6 31. Rxg4 Rh5 32. Rc1 Rd8 33.
Rxg6 Rdd5 34. c6 b6 35. Rg8+ Rd8 36. Rg7 Rh6 37. h3 Rdd6 38. Rg8+ Rd8 39. Rg7
Rdd6 40. Rg8+ Rd8 41. Rxd8+ Kxd8 42. Kh2 Ke7 43. g4 Kf6 44. Kg3 Kg5 45. Rc3 Rd6
46. h4+ Kh6 47. Rc2 Kg6 48. Kf4 Rd4+ 49. Kg3 Rd3+ 50. Kf4 1/2-1/2

[Event "18. Open de Sants Hostafrancs 2016 - C"]
[Site "Barcelona ESP"]
[Date "2016.08.25"]
[Round "7.1"]
[White "Petit Montes, Marc"]
[Black "Matons Calafi, Eva M"]
[Result "1-0"]
[WhiteElo "1770"]
[BlackElo "1775"]
[PlyCount "67"]
[EventDate "2016.08.19"]
[EventType "swiss"]
[EventRounds "10"]
[EventCountry "ESP"]
[SourceTitle "Ajedrez en Madrid"]
[Source "lmi"]
[SourceDate "2016.08.19"]

1. d4 g6 2. c4 Bg7 3. Nc3 Nf6 4. e4 d6 5. f4 O-O 6. Nf3 c5 7. d5 Nh5 8. Bd3 Bh6
9. f5 Bg7 10. g4 Nf6 11. h3 e6 12. g5 Nh5 13. f6 Nxf6 14. gxf6 Bxf6 15. Bh6 Re8
16. Qd2 a6 17. O-O-O Qa5 18. h4 b5 19. e5 dxe5 20. Ne4 Qxd2+ 21. Rxd2 Bg7 22.
Bxg7 Kxg7 23. Nd6 Rd8 24. Nxc8 Rxc8 25. dxe6 f6 26. cxb5 axb5 27. Bxb5 Rxa2 28.
Kc2 Nc6 29. Rd7+ Kh6 30. Bxc6 Rxc6 31. e7 Re6 32. Rhd1 Raa6 33. Nd2 f5 34. Nc4
1-0

[Event "18. Open de Sants Hostafrancs 2016 - C"]
[Site "Barcelona ESP"]
[Date "2016.08.25"]
[Round "7.2"]
[White "Vicente Bessen, Kirian"]
[Black "Manosas Vila, Ester"]
[Result "1-0"]
[WhiteElo "1766"]
[BlackElo "1729"]
[PlyCount "101"]
[EventDate "2016.08.19"]
[EventType "swiss"]
[EventRounds "10"]
[EventCountry "ESP"]
[SourceTitle "Ajedrez en Madrid"]
[Source "lmi"]
[SourceDate "2016.08.19"]

1. Nf3 d5 2. d4 e6 3. e3 Nf6 4. Be2 c5 5. O-O Nc6 6. b3 Be7 7. Bb2 O-O 8. Nbd2
a6 9. c4 cxd4 10. Nxd4 Nxd4 11. Bxd4 dxc4 12. Nxc4 b5 13. Nb6 Rb8 14. Nxc8 Rxc8
15. a4 bxa4 16. Bxa6 Ra8 17. Rxa4 Qc7 18. Qa1 Bd6 19. h3 e5 20. Bb2 Nd7 21. Bb5
Rxa4 22. bxa4 Nc5 23. Rc1 Qb8 24. Qa2 e4 25. Bd4 Rc8 26. Qd5 Rd8 27. Qf5 Nb3
28. Bc4 Qc7 29. Rc3 Nxd4 30. exd4 Bh2+ 31. Kh1 Bd6 32. Qxe4 Qa5 33. Qc2 Re8 34.
g3 Re1+ 35. Kg2 Qa8+ 36. Rf3 Rg1+ 37. Kxg1 Qxf3 38. a5 Bxg3 39. fxg3 Qxg3+ 40.
Qg2 Qe1+ 41. Qf1 Qe3+ 42. Kh2 Qd2+ 43. Kg1 Qxd4+ 44. Kg2 Qe4+ 45. Qf3 Qg6+ 46.
Kh1 Qb1+ 47. Bf1 f6 48. a6 Qa1 49. Qf2 Qa5 50. a7 Qd5+ 51. Bg2 1-0

[Event "18. Open de Sants Hostafrancs 2016 - C"]
[Site "Barcelona ESP"]
[Date "2016.08.25"]
[Round "7.3"]
[White "Ranieri, Pierpaolo"]
[Black "Muratet Carmona, Julia"]
[Result "1-0"]
[WhiteElo "1710"]
[BlackElo "1786"]
[PlyCount "103"]
[EventDate "2016.08.19"]
[EventType "swiss"]
[EventRounds "10"]
[EventCountry "ESP"]
[SourceTitle "Ajedrez en Madrid"]
[Source "lmi"]
[SourceDate "2016.08.19"]

1. d4 Nf6 2. Nf3 e6 3. e3 d5 4. Bd3 c5 5. c3 Nc6 6. Nbd2 Bd6 7. O-O e5 8. dxe5
Nxe5 9. Nxe5 Bxe5 10. e4 dxe4 11. Nxe4 Qc7 12. Nxf6+ Bxf6 13. Re1+ Be7 14. Bg5
Be6 15. Bxe7 Kxe7 16. Bc4 Rae8 17. Qg4 Qc6 18. Bxe6 fxe6 19. Qxg7+ Kd8 20.
Rad1+ Kc8 21. Qe5 Rhg8 22. g3 Rgf8 23. Qe4 Qb6 24. b3 Qa5 25. Qc2 Rf3 26. Qd2
Rf7 27. c4 Qa6 28. Re2 Kc7 29. Qe3 Qc6 30. Qe5+ Kc8 31. Qe4 Qb6 32. Red2 Qa6
33. Re2 Qb6 34. Red2 Qa6 35. Qe3 Rc7 36. Qg5 b6 37. Rd8+ Rxd8 38. Qxd8+ Kb7 39.
Qd2 Qa3 40. Re1 Re7 41. Qd6 Rc7 42. Qd2 Re7 43. f4 Kc8 44. Qd6 Rd7 45. Qxe6 Kc7
46. Qe5+ Kb7 47. Qe4+ Kc7 48. Qc2 Qb4 49. Re2 Qa5 50. f5 Rf7 51. f6 Rxf6 52.
Qxh7+ 1-0

[Event "18. Open de Sants Hostafrancs 2016 - C"]
[Site "Barcelona ESP"]
[Date "2016.08.25"]
[Round "7.4"]
[White "Romero Funieles, Rafael"]
[Black "Conti, Angelo"]
[Result "0-1"]
[WhiteElo "1722"]
[BlackElo "1658"]
[PlyCount "88"]
[EventDate "2016.08.19"]
[EventType "swiss"]
[EventRounds "10"]
[EventCountry "ESP"]
[SourceTitle "Ajedrez en Madrid"]
[Source "lmi"]
[SourceDate "2016.08.19"]

1. e4 d5 2. exd5 Nf6 3. c4 e6 4. dxe6 Bxe6 5. Nf3 Nc6 6. Be2 Bc5 7. O-O Nd4 8.
Nxd4 Qxd4 9. Nc3 c6 10. d3 Qh4 11. Bf3 O-O-O 12. Qc2 Bf5 13. Ne4 Nxe4 14. dxe4
Bg4 15. Be3 Bxf3 16. gxf3 Bd6 17. e5 Bc7 18. Qf5+ Kb8 19. Bg5 Qh5 20. Qg4 Qxg4+
21. fxg4 Rd4 22. f4 Rxc4 23. Rfd1 Bxe5 24. Rac1 Rxc1 25. Rxc1 Bxb2 26. Rd1 f6
27. Bh4 Kc7 28. g5 c5 29. Bg3 Re8 30. Bf2 Kc6 31. Rd2 Ba3 32. gxf6 gxf6 33. f5
Re5 34. Rd3 Bb4 35. a3 Be1 36. Rf3 Bxf2+ 37. Kxf2 b5 38. Rh3 Rxf5+ 39. Ke2 h5
40. Re3 Kd5 41. Kd3 a5 42. Kc3 c4 43. Rg3 Rf2 44. Rh3 Kc5 0-1

[Event "18. Open de Sants Hostafrancs 2016 - C"]
[Site "Barcelona ESP"]
[Date "2016.08.25"]
[Round "7.5"]
[White "Ballester Valls, Juan Antonio"]
[Black "Reverdy, Micah Fabrice"]
[Result "1-0"]
[WhiteElo "1652"]
[BlackElo "1718"]
[PlyCount "93"]
[EventDate "2016.08.19"]
[EventType "swiss"]
[EventRounds "10"]
[EventCountry "ESP"]
[SourceTitle "Ajedrez en Madrid"]
[Source "lmi"]
[SourceDate "2016.08.19"]

1. Nf3 c5 2. c4 Nc6 3. d4 cxd4 4. Nxd4 Nf6 5. Nc3 d5 6. Nxd5 Nxd5 7. Nxc6 bxc6
8. cxd5 cxd5 9. e3 e6 10. Bd2 Be7 11. Bb5+ Bd7 12. Bxd7+ Qxd7 13. Bc3 f6 14.
O-O O-O 15. e4 Rfd8 16. exd5 Qxd5 17. Qg4 e5 18. Rfd1 Qc6 19. Rxd8+ Rxd8 20.
Rd1 Rxd1+ 21. Qxd1 Qd6 22. Qxd6 Bxd6 23. f3 Kf7 24. h3 Ke6 25. Kf2 Kd5 26. Ke2
g6 27. f4 e4 28. Bxf6 Bxf4 29. Bc3 Kc4 30. Bf6 Kd5 31. Bc3 h5 32. Bf6 g5 33.
Bc3 h4 34. Bf6 Ke6 35. Bd4 a6 36. Bc3 Kd5 37. Bf6 Kc4 38. Bc3 Kd5 39. Bf6 Ke6
40. Bc3 Kf5 41. Bd4 Bc1 42. b4 Ba3 43. Bc3 Bc1 44. a4 Ke6 45. b5 axb5 46. axb5
Kd5 47. Bd2 1-0

[Event "18. Open de Sants Hostafrancs 2016 - C"]
[Site "Barcelona ESP"]
[Date "2016.08.25"]
[Round "7.6"]
[White "Dorregarai Iparaguirre, Leire"]
[Black "Werkhoven, Gerard"]
[Result "0-1"]
[WhiteElo "1334"]
[BlackElo "1714"]
[PlyCount "88"]
[EventDate "2016.08.19"]
[EventType "swiss"]
[EventRounds "10"]
[EventCountry "ESP"]
[SourceTitle "Ajedrez en Madrid"]
[Source "lmi"]
[SourceDate "2016.08.19"]

1. e4 c5 2. d3 d5 3. Nd2 e6 4. Ngf3 Nc6 5. g3 Bd6 6. Bg2 d4 7. O-O e5 8. Nc4
Bg4 9. Nxd6+ Qxd6 10. c3 f6 11. Qc2 g5 12. h3 Be6 13. h4 h6 14. Kh2 Nge7 15.
Rh1 f5 16. h5 fxe4 17. dxe4 d3 18. Qd1 c4 19. Bd2 Rf8 20. Kg1 Bg4 21. b4 Qf6
22. b5 Na5 23. Be3 Bxf3 24. Bxf3 Qxf3 25. Qb1 b6 26. Qb4 Rd8 27. Qb1 Qxe4 28.
Rh2 Qf3 29. Qc1 Rf5 30. Rg2 Nd5 31. Bd2 Nf6 32. Qe1 Qe2 33. f4 Qxe1+ 34. Rxe1
gxf4 35. g4 Rg5 36. Bxf4 Rxg4 37. Bd2 Rxg2+ 38. Kxg2 e4 39. Kh3 Rd5 40. Kg2
Rxh5 41. Rb1 Re5 42. Re1 Nd5 43. Bxh6 e3 44. Bxe3 Rxe3 0-1

[Event "18. Open de Sants Hostafrancs 2016 - C"]
[Site "Barcelona ESP"]
[Date "2016.08.25"]
[Round "7.7"]
[White "Alves Garcia, Eric"]
[Black "Grasa Solanas, Oscar"]
[Result "1-0"]
[WhiteElo "1782"]
[BlackElo "1664"]
[PlyCount "55"]
[EventDate "2016.08.19"]
[EventType "swiss"]
[EventRounds "10"]
[EventCountry "ESP"]
[SourceTitle "Ajedrez en Madrid"]
[Source "lmi"]
[SourceDate "2016.08.19"]

1. d4 Nf6 2. Nf3 c5 3. c4 g6 4. Nc3 Bg7 5. e4 O-O 6. d5 d6 7. Bd3 Bg4 8. h3
Bxf3 9. Qxf3 Nbd7 10. O-O Ne5 11. Qe2 Nxd3 12. Qxd3 Nh5 13. Rb1 f5 14. exf5
gxf5 15. Qf3 Qe8 16. Nb5 Rc8 17. Nxa7 Ra8 18. Nb5 Rc8 19. Re1 f4 20. Nxd6 Qg6
21. Nxc8 Rxc8 22. Qg4 Qxb1 23. Qxc8+ Bf8 24. Qg4+ Ng7 25. Qxf4 Qxa2 26. h4 Qb1
27. Qe4 Qa2 28. Bg5 1-0

[Event "18. Open de Sants Hostafrancs 2016 - C"]
[Site "Barcelona ESP"]
[Date "2016.08.25"]
[Round "7.8"]
[White "Monteagudo Aguilera, Maximo"]
[Black "Bogantes Robleto, Karina"]
[Result "0-1"]
[WhiteElo "1759"]
[BlackElo "1599"]
[PlyCount "78"]
[EventDate "2016.08.19"]
[EventType "swiss"]
[EventRounds "10"]
[EventCountry "ESP"]
[SourceTitle "Ajedrez en Madrid"]
[Source "lmi"]
[SourceDate "2016.08.19"]

1. e4 c5 2. Nf3 Nc6 3. d4 cxd4 4. Nxd4 g6 5. Bc4 Bg7 6. Be3 Nf6 7. f3 O-O 8.
Nc3 Qb6 9. Bb3 Nxe4 10. fxe4 Bxd4 11. Bxd4 Qxd4 12. Qf3 Ne5 13. Qe2 d6 14. h3
Bd7 15. Rd1 Qc5 16. Nd5 Rfe8 17. Rf1 Rac8 18. Qd2 Bb5 19. Qh6 Bxf1 20. Kxf1 Nc4
21. Rd3 Qb5 22. Kg1 Ne5 23. Rg3 Qc5+ 24. Kh1 b5 25. Qg5 Qf2 26. h4 h6 27. Qe3
Qxe3 28. Rxe3 Kg7 29. Rg3 Nc4 30. h5 Nd2 31. hxg6 fxg6 32. Nf4 g5 33. Ne6+ Kf6
34. Bd5 Rxc2 35. Ra3 Rxb2 36. Rxa7 Rc8 37. Nd4 Ke5 38. Nc6+ Kf4 39. Rxe7 Kg3
0-1

[Event "18. Open de Sants Hostafrancs 2016 - C"]
[Site "Barcelona ESP"]
[Date "2016.08.25"]
[Round "7.9"]
[White "Escoriza Lusilla, Pedro"]
[Black "Aparicio Escudero, Hector F"]
[Result "1-0"]
[WhiteElo "1668"]
[BlackElo "1734"]
[PlyCount "73"]
[EventDate "2016.08.19"]
[EventType "swiss"]
[EventRounds "10"]
[EventCountry "ESP"]
[SourceTitle "Ajedrez en Madrid"]
[Source "lmi"]
[SourceDate "2016.08.19"]

1. c4 e5 2. Nc3 Nf6 3. g3 g6 4. Bg2 c6 5. d3 Bg7 6. e4 O-O 7. Nge2 d6 8. O-O
Be6 9. Rb1 Qc8 10. f4 Nh5 11. Qe1 a5 12. Qf2 Na6 13. f5 Bd7 14. g4 Nf4 15. Nxf4
exf4 16. Bxf4 Be5 17. Bxe5 dxe5 18. Qh4 f6 19. fxg6 hxg6 20. Rxf6 Rxf6 21. Qxf6
Qe8 22. h3 Nb4 23. Rd1 Nc2 24. Rd2 Nd4 25. Ne2 Nxe2+ 26. Rxe2 Rd8 27. Rf2 Bc8
28. Bf1 Rd4 29. Qg5 Rd6 30. Rf6 Rxf6 31. Qxf6 Bd7 32. Be2 b5 33. h4 bxc4 34.
dxc4 Kh7 35. c5 Bc8 36. Bc4 Bd7 37. Bf7 1-0

[Event "18. Open de Sants Hostafrancs 2016 - C"]
[Site "Barcelona ESP"]
[Date "2016.08.25"]
[Round "7.10"]
[White "Dominguez De La Haba, Emilio"]
[Black "Bernat Pascual, Magi"]
[Result "0-1"]
[WhiteElo "1664"]
[BlackElo "1725"]
[PlyCount "66"]
[EventDate "2016.08.19"]
[EventType "swiss"]
[EventRounds "10"]
[EventCountry "ESP"]
[SourceTitle "Ajedrez en Madrid"]
[Source "lmi"]
[SourceDate "2016.08.19"]

1. d4 d5 2. Nf3 c6 3. c4 Nf6 4. Nc3 e6 5. Qc2 Nbd7 6. e3 Bd6 7. g4 dxc4 8. Bxc4
Nb6 9. Be2 Qc7 10. Bd2 Bd7 11. O-O-O O-O-O 12. Kb1 Nxg4 13. Rhg1 f5 14. Ng5 Nh6
15. e4 g6 16. e5 Bf8 17. Na4 Bg7 18. Rc1 Nxa4 19. Qxa4 Kb8 20. Rg3 Rdf8 21. Bb4
Ka8 22. Bd6 Qc8 23. Ra3 a6 24. Rcc3 Nf7 25. Rcb3 c5 26. Qa5 c4 27. Rb6 Nxg5 28.
Qb4 Ne4 29. Bxc4 Qxc4 30. Rxb7 Qxb4 31. Rxb4 Ka7 32. f3 Nxd6 33. exd6 Rc8 0-1